000 00626nam a22002057a 4500
003 OSt
005 20240621031059.0
008 240621b |||||||| |||| 00| 0 eng d
020 _a9789715812900
040 _aDWC- Main Lib
_cOC
082 _aFil. 641.6383 C787h 2018
100 _aCorpus, Arlene May Gealone
245 _aHerbs and Spices /
_cArlene May Gealone Corpus.
260 _aManila, Philippines :
_bPhilippine Publishing House,
_cc2018.
300 _a256 pages :
_bcolor illustrations ;
_c25cm.
504 _aIncludes index and glossary
650 _a1. Herbs
650 _a2. Spices
942 _2ddc
_cBK - FIL
_n1
999 _c1044
_d1044